| 000 | 01058nmm a2200301 a 4500 | ||
|---|---|---|---|
| 001 | ocm0001299418 | ||
| 003 | TR-IsHL | ||
| 005 | 20201028161945.0 | ||
| 008 | 160715s2011 tu tur | ||
| 007 | cr cn | ||
| 020 | _a9786055541385 | ||
| 035 |
_a1299418 _b(N$T) |
||
| 050 | 0 | 4 |
_aHB3722 _b.D47 2011 |
| 090 | 0 | 4 |
_aHB3722 _b.D47 2011 |
| 245 | 1 | 0 |
_aDerinleşen küresel kriz ve Türkiye'ye yansımaları: ücretli emek ve sermaye _h[electronic resource] / _cBağımsız Sosyal Bilimciler |
| 260 |
_aİstanbul : _bYordam Kitap, _c2011 |
||
| 300 | _a256 p. | ||
| 500 |
_aKaynakça var. _x |
||
| 650 | 4 | _aEkonomi ve Finans | |
| 650 | 4 | _aEconomics and Finance | |
| 650 | 0 |
_aKüreselleşme _xTürkiye |
|
| 650 | 0 |
_aGlobalization _xTurkey |
|
| 650 | 0 | _aKüresel ekonomik kirizler, 2008-2009 | |
| 650 | 0 | _aGlobal Financial Crisis, 2008-2009 | |
| 650 | 7 |
_aBUSINESS & ECONOMICS / General _2bisacsh |
|
| 700 | 1 | _aBağımsız Sosyal Bilimciler | |
| 856 | 4 | 0 | _uhttp://search.ebscohost.com/login.aspx?direct=true&scope=site&db=e011xww&AN=1299418 |
| 999 |
_c14446 _d14446 |
||